[Event "Ogolnopolska Olimpiada Mlodziezy w Sportach Umyslowych - D14"]
[Site "Walbrzych, Zamek Ksiaz"]
[Date "2013-04-17"]
[Round "3.5"]
[White "Topolan, Agata"]
[Black "Daliga, Anita"]
[Result "1/2-1/2"]
[WhiteTitle "II+"]
[BlackTitle "II"]
[WhiteElo "1449"]
[BlackElo "1347"]

1. e4 e5 2. Nf3 Nc6 3. Bb5 Bc5 4. c3 a6 5. Ba4 Nf6 6. d3 h6 7. Nbd2 d6 8. Nf1 Bd7
9. Ng3 Ne7 10. Bb3 Be6 11. Bc2 Ng4 12. O-O O-O 13. Nh5 Ng6 14. d4 Bb6 15. h3 Nf6
16. Ng3 Re8 17. Nf5 Ne7 18. dxe5 dxe5 19. Nxe5 Nd7 20. Nxd7 Qxd7 21. Qxd7 Bxd7
22. Nxe7+ Rxe7 23. Kh1 Bb5 24. Rd1 Bxf2 25. Bf4 Bb6 26. Rd2 Rd7 27. Rxd7 Bxd7
28. a4 a5 29. b4 axb4 30. cxb4 c6 31. a5 Bd8 32. Bb3 Be7 33. Bd2 Kf8 34. Rf1 f6
35. e5 Ke8 36. exf6 Bxf6 37. Bxh6 Bc3 38. Bf7+ Ke7 39. Bg5+ Bf6 40. Bxf6+ gxf6
41. Bb3 c5 42. Re1+ Kf8 43. bxc5 Rxa5 44. Bd5 Rxc5 45. Bxb7 Rc7 46. Bf3 Bc8 47.
Kh2 Re7 48. Rd1 Rd7 49. Rc1 Rd8 50. Rc7 Bf5 51. Kg3 Rd7 52. Rc5 Be6 53. Bg4 Rd3+
54. Kh4 Rd4 55. Kg3 Bxg4 56. hxg4 Kg7 57. Rf5 Kg6 58. Rf4 Rd5 59. Kh4 Rd8 60.
Rf5 Rd2 61. Kh3 Rd3+ 1/2-1/2

[Event "Ogolnopolska Olimpiada Mlodziezy w Sportach Umyslowych - D14"]
[Site "Walbrzych, Zamek Ksiaz"]
[Date "2013-04-17"]
[Round "3.6"]
[White "Posuniak, Weronika"]
[Black "Dwilewicz, Katarzyna"]
[Result "0-1"]
[WhiteTitle "I"]
[BlackTitle "I"]
[WhiteElo "1540"]
[BlackElo "1635"]

1. d4 d5 2. c4 c6 3. Nc3 Nf6 4. Nf3 e6 5. e3 Bd6 6. Bd3 O-O 7. O-O Nbd7 8. a3 e5
9. dxe5 Nxe5 10. Nxe5 Bxe5 11. f4 Bxc3 12. bxc3 dxc4 13. Bxc4 Qxd1 14. Rxd1 Bg4
15. Re1 Ne4 16. Bb2 Rad8 17. h3 Be6 18. Bxe6 fxe6 19. Rad1 Nc5 20. Rd4 Rxd4 21.
cxd4 Nd3 22. Rb1 Nxb2 23. Rxb2 b6 24. Rc2 Rc8 25. Kf2 Kf7 26. e4 Ke7 27. e5 Kd7
28. Ke3 g6 29. g4 Rf8 30. Ke4 h6 31. Rf2 a5 32. Rf3 b5 33. Rb3 a4 34. Rb2 Kc7
35. Rb1 Kb6 36. Rb2 Rd8 37. Rc2 Rg8 38. f5 gxf5+ 39. gxf5 exf5+ 40. Kxf5 Rg3 41.
e6 Rxa3 42. Re2 Rf3+ 43. Kg6 Rf8 44. e7 Re8 45. Kf7 Ra8 46. e8=Q Rxe8 47. Kxe8
b4 48. Rb2 Kb5 49. Kd7 b3 50. Rb1 Kb4 51. Kxc6 a3 52. d5 a2 53. Rxb3+ Kxb3 54.
d6 a1=Q 55. d7 Qa5 56. Kd6 Qd8 57. Kc6 h5 0-1

[Event "Ogolnopolska Olimpiada Mlodziezy w Sportach Umyslowych - D14"]
[Site "Walbrzych, Zamek Ksiaz"]
[Date "2013-04-17"]
[Round "3.7"]
[White "Jurkiewicz, Zuzanna"]
[Black "Konopacka, Martyna"]
[Result "0-1"]
[WhiteTitle "II+"]
[BlackTitle "I"]
[WhiteElo "1383"]
[BlackElo "1674"]

1. d4 d5 2. c4 e6 3. Nc3 c5 4. cxd5 exd5 5. Nf3 Nc6 6. Bf4 Nf6 7. e3 a6 8. Be2
c4 9. O-O b5 10. a3 Bd6 11. Bg5 Be7 12. Bf4 O-O 13. Ne5 Na5 14. Bf3 Bb7 15. Qc2
Rc8 16. Rad1 Kh8 17. Kh1 Qb6 18. Bg5 Rcd8 19. Ne2 Ng8 20. Bxe7 Nxe7 21. Bg4 Bc8
22. Bxc8 Nxc8 23. Ng3 f6 24. Nf3 Nd6 25. Nh4 Qc7 26. Nhf5 Nxf5 27. Nxf5 g6 28.
Ng3 Nc6 29. Ne2 Kg7 30. Nf4 Rfe8 31. Qe2 Qxf4 32. Qc2 Qd6 33. h3 b4 34. axb4 Qxb4
35. Ra1 Ra8 36. Ra4 Qb5 37. Rfa1 Reb8 38. Kh2 Nb4 39. Qc3 Nd3 40. Kg3 Qxb2 0-1

[Event "Ogolnopolska Olimpiada Mlodziezy w Sportach Umyslowych - D14"]
[Site "Walbrzych, Zamek Ksiaz"]
[Date "2013-04-17"]
[Round "3.8"]
[White "Kwiatkowska, Agnieszka"]
[Black "Kubicka, Anna"]
[Result "0-1"]
[WhiteTitle "II+"]
[BlackTitle "I+"]
[WhiteElo "1492"]
[BlackElo "1686"]

1. e4 c6 2. c4 d5 3. exd5 cxd5 4. cxd5 Nf6 5. Qa4+ Bd7 6. Qb3 Qc7 7. Nc3 a6 8.
Bc4 b5 9. Be2 e5 10. d3 b4 11. Ne4 Ng8 12. Bf3 Bd6 13. Ne2 a5 14. Qc4 f5 15. Nxd6+
Qxd6 16. Qh4 Nf6 17. Bh5+ Nxh5 18. Qxh5+ g6 19. Qf3 Na6 20. O-O Nc7 21. Re1 O-O
22. d4 e4 23. Qf4 Qxf4 24. Nxf4 g5 25. Ne6 Bxe6 26. dxe6 Nxe6 27. d5 Nd4 28. Rd1
Nc2 29. Rb1 f4 30. Rd2 Rac8 31. Re2 Rc4 32. b3 Rc5 33. Rxe4 Rxd5 34. h3 Rd1+ 35.
Kh2 Na3 36. Ra1 Nc2 37. Rb1 Rc8 38. Re5 Na3 39. Rxg5+ Kf7 40. Rf5+ Kg6 41. Rf6+
Kg7 42. Bb2 Rxb1 43. Rc6+ Rxb2 44. Rxc8 Rxa2 45. Rc7+ Kg6 46. Rc6+ Kg7 47. Rc7+
Kf6 48. Rxh7 Rxf2 49. Ra7 f3 50. Kg3 Rxg2+ 51. Kxf3 Rb2 52. Rxa5 Rxb3+ 53. Ke4
Rxh3 54. Ra6+ Ke7 55. Rb6 Nc2 56. Kd5 Rc3 57. Ke4 b3 58. Kd5 Na1 59. Kd4 Rh3 60.
Kc4 Kd7 61. Ra6 b2 62. Rb6 Rb3 0-1

[Event "Ogolnopolska Olimpiada Mlodziezy w Sportach Umyslowych - D14"]
[Site "Walbrzych, Zamek Ksiaz"]
[Date "2013-04-17"]
[Round "3.9"]
[White "Kaniewska, Emilia"]
[Black "Tkaczyk, Weronika"]
[Result "1-0"]
[WhiteTitle "I"]
[BlackTitle "II"]
[WhiteElo "1677"]
[BlackElo "1390"]

1. f4 Nc6 2. Nf3 d5 3. g3 Nf6 4. Bg2 Bg4 5. h3 Bxf3 6. exf3 e6 7. O-O Bc5+ 8. Kh2
Qd6 9. c3 d4 10. d3 dxc3 11. bxc3 O-O-O 12. d4 Nxd4 13. cxd4 Bxd4 14. Ba3 Qb6
15. Qc2 Bxa1 16. Nd2 Bd4 17. Rb1 Qa6 18. Be7 Rd7 19. Bxf6 Bxf6 20. Nb3 Qd3 21.
Qc1 Bd4 22. Na5 Bb6 23. Nc4 f6 24. Nxb6+ axb6 25. Rxb6 Qe2 26. Rb2 Qd1 27. Qe3
Qd4 28. Qa3 Kb8 29. f5 e5 30. f4 e4 31. Rb4 Qf2 32. Ra4 c6 33. Ra8+ Kc7 34. Rxh8
Rd2 35. Qa5+ b6 36. Qa7+ Kd6 37. Rd8+ Kc5 38. Qa3+ Kb5 39. Qb3+ Ka6 40. Qa4+ Kb7
41. Qa8+ Kc7 42. Qb8# 1-0

[Event "Ogolnopolska Olimpiada Mlodziezy w Sportach Umyslowych - D14"]
[Site "Walbrzych, Zamek Ksiaz"]
[Date "2013-04-17"]
[Round "3.11"]
[White "Glapa, Anna"]
[Black "Mazgaj, Zuzanna"]
[Result "1-0"]
[WhiteTitle "I++"]
[BlackTitle "II"]
[WhiteElo "1660"]
[BlackElo "1371"]

1. e4 d5 2. exd5 Qxd5 3. Nc3 Qa5 4. d4 Nf6 5. Bd2 Qb4 6. Nb5 Qxb2 7. Bc3 Qxa1 8.
Qxa1 Kd8 9. Nf3 e6 10. Ne5 Na6 11. Nxf7+ Ke8 12. Nxh8 c6 13. Qb1 Be7 14. Qb3 cxb5
15. Bxb5+ Kf8 16. Bxa6 bxa6 17. O-O Kg8 18. Qc4 Nd5 19. Qc6 Bb7 20. Qxb7 Rf8 21.
Bd2 Bf6 22. Nf7 1-0

[Event "Ogolnopolska Olimpiada Mlodziezy w Sportach Umyslowych - D14"]
[Site "Walbrzych, Zamek Ksiaz"]
[Date "2013-04-17"]
[Round "3.12"]
[White "Pedrak, Paulina"]
[Black "Socko, Weronika"]
[Result "1-0"]
[WhiteTitle "I"]
[BlackTitle "II"]
[WhiteElo "1371"]
[BlackElo "1584"]

1. e4 c5 2. Nf3 Nc6 3. d4 cxd4 4. Nxd4 Nf6 5. Nc3 e5 6. Ndb5 h6 7. Nd6+ Bxd6 8.
Qxd6 Qe7 9. Qxe7+ Kxe7 10. Be3 d6 11. O-O-O Rd8 12. Bc4 Be6 13. Bxe6 fxe6 14.
f3 Rac8 15. Rd2 a6 16. Rhd1 b5 17. a4 b4 18. Ne2 Na5 19. Rd3 Rc6 20. Bf2 Rdc8
21. R1d2 Nc4 22. Rd1 Ne8 23. c3 b3 24. f4 g6 25. Rh3 h5 26. fxe5 Nxe5 27. Bh4+
Kd7 28. Nd4 Rb6 29. Bg3 Nc6 30. Bf2 Nxd4 31. Bxd4 Rb4 32. Rg3 Rxa4 33. Rxg6 Ra1+
34. Kd2 Rxd1+ 35. Kxd1 e5 36. Bf2 Nc7 37. Rh6 Rf8 38. Be1 a5 39. Rxh5 a4 40. Rh3
Rf1 41. c4 Na6 42. Rf3 Rxf3 43. gxf3 Nc5 44. Bc3 a3 45. bxa3 Na4 46. Bb4 Nb2+
47. Kc1 Nxc4 48. h4 Ke7 49. a4 Kf6 50. a5 Kg6 51. a6 Kh5 52. Bxd6 Nxd6 53. a7
b2+ 54. Kb1 Kxh4 55. a8=Q Kg3 56. Qd5 Kxf3 57. Qxd6 Kxe4 58. Kxb2 Kf5 59. Kc3
Kf4 60. Kd3 Kf5 61. Ke3 1-0

[Event "Ogolnopolska Olimpiada Mlodziezy w Sportach Umyslowych - D14"]
[Site "Walbrzych, Zamek Ksiaz"]
[Date "2013-04-17"]
[Round "3.13"]
[White "Zalewska, Katarzyna"]
[Black "Cieslak, Wiktoria"]
[Result "0-1"]
[WhiteTitle "II"]
[BlackTitle "I"]
[WhiteElo "1373"]
[BlackElo "1532"]

1. d4 d5 2. Bf4 c5 3. e3 Qb6 4. Nc3 Nf6 5. dxc5 Qxc5 6. Bxb8 Rxb8 7. Bb5+ Bd7 8.
Bxd7+ Kxd7 9. Nf3 e6 10. e4 Bd6 11. e5 Ng4 12. Qe2 Bc7 13. h3 Nh6 14. Qb5+ Qc6
15. Qxc6+ bxc6 16. Na4 Bb6 17. O-O c5 18. Rfd1 Kc6 19. b3 Bc7 20. Rac1 Nf5 21.
g4 Ne7 22. c4 d4 23. Ng5 h6 24. Nxf7 Rhf8 25. Nd6 Bxd6 26. exd6 Kxd6 27. Nc3 a6
28. Ne4+ Kc6 29. Re1 e5 30. Nd2 Ng6 31. Rcd1 Rbe8 32. a3 Nf4 33. Kh2 Nd3 34. Rf1
Nxf2 35. Rb1 e4 36. Kg2 e3 37. Nf3 Nd3 38. b4 e2 39. Rg1 Re3 40. Ne1 Rf2+ 41.
Kh1 Rxh3# 0-1

[Event "Ogolnopolska Olimpiada Mlodziezy w Sportach Umyslowych - D14"]
[Site "Walbrzych, Zamek Ksiaz"]
[Date "2013-04-17"]
[Round "3.14"]
[White "Popiel, Natalia"]
[Black "Sobczak, Marta"]
[Result "0-1"]
[WhiteTitle "II"]
[BlackTitle "I"]
[WhiteElo "1316"]
[BlackElo "1516"]

1. e4 e6 2. d4 d5 3. Nc3 Nf6 4. e5 Nfd7 5. Nf3 c5 6. Be3 Nc6 7. Bb5 Qb6 8. Bxc6
bxc6 9. dxc5 Qxb2 10. Na4 Qb4+ 11. c3 Qa5 12. O-O Ba6 13. Rb1 Bxf1 14. Kxf1 Qc7
15. Bd4 Rb8 16. Rb4 Be7 17. Qb3 O-O 18. c4 Rxb4 19. Qxb4 Rb8 20. Qc3 Qb7 21. Nd2
dxc4 22. Qxc4 Qb4 23. Qxb4 Rxb4 0-1

[Event "Ogolnopolska Olimpiada Mlodziezy w Sportach Umyslowych - D14"]
[Site "Walbrzych, Zamek Ksiaz"]
[Date "2013-04-17"]
[Round "3.15"]
[White "Kalinowska, Karolina"]
[Black "Koperska, Nina"]
[Result "1/2-1/2"]
[WhiteTitle "I"]
[BlackTitle "II"]
[WhiteElo "1504"]
[BlackElo "1388"]

1. e4 c5 2. Nf3 Nc6 3. d4 cxd4 4. Nxd4 g6 5. Nc3 Bg7 6. Be3 Nf6 7. Bc4 O-O 8. Bb3
d6 9. h3 Bd7 10. O-O a6 11. Qd2 Rc8 12. Rfe1 Qc7 13. Rad1 Rfd8 14. Qe2 Be8 15.
Qf3 Ne5 16. Qe2 Nc4 17. Bxc4 Qxc4 18. Qxc4 Rxc4 19. f3 Nd7 20. Nde2 Rdc8 21. Bd4
Bxd4+ 22. Rxd4 Ne5 23. Red1 Rxd4 24. Rxd4 Rc4 25. b3 Rc8 26. Kf2 g5 27. Rd2 f6
28. Nd5 Kf8 29. Nd4 Bd7 30. Kg3 h6 31. Nb6 Rd8 32. Nxd7+ Rxd7 33. Nf5 h5 34. h4
g4 35. fxg4 Nxg4 36. Nd4 Kf7 37. c4 Rd8 38. Rd3 Rg8 39. Rd2 Ne3+ 40. Kf3 Nf1 41.
Re2 1/2-1/2

[Event "Ogolnopolska Olimpiada Mlodziezy w Sportach Umyslowych - D14"]
[Site "Walbrzych, Zamek Ksiaz"]
[Date "2013-04-17"]
[Round "3.16"]
[White "Najuch, Natalia"]
[Black "Karykowska, Anna"]
[Result "1-0"]
[WhiteTitle "II"]
[BlackTitle "I"]
[WhiteElo "1312"]
[BlackElo "1493"]

1. e4 c5 2. Nf3 a6 3. Nc3 e6 4. d4 cxd4 5. Nxd4 Nc6 6. Be2 Qc7 7. O-O Nf6 8. a3
Be7 9. Kh1 O-O 10. f4 d5 11. exd5 exd5 12. Bf3 Rd8 13. Re1 Ne4 14. Be3 Nxd4 15.
Bxd4 Bf6 16. Nxd5 Rxd5 17. Rxe4 Bf5 18. Re5 Bxe5 19. Bxd5 Bxd4 20. Qxd4 Rd8 21.
c4 g6 22. Qf6 Qd7 23. Bxf7+ Qxf7 24. Qxd8+ Kg7 25. Re1 Qxc4 26. Qe7+ Kh6 27. Qh4+
Kg7 28. Re7+ Kf8 29. Qf6+ Kg8 30. Qg7# 1-0

[Event "Ogolnopolska Olimpiada Mlodziezy w Sportach Umyslowych - D14"]
[Site "Walbrzych, Zamek Ksiaz"]
[Date "2013-04-17"]
[Round "3.17"]
[White "Ziziuk, Martyna"]
[Black "Skorupa, Oliwia"]
[Result "1-0"]
[WhiteTitle "II"]
[BlackTitle "II+"]
[WhiteElo "1361"]
[BlackElo "1510"]

1. e4 e5 2. Nf3 Nc6 3. Nc3 Nf6 4. d4 exd4 5. Nxd4 Bb4 6. Nxc6 bxc6 7. Bd3 h6 8.
Bd2 d6 9. h3 O-O 10. O-O Re8 11. Re1 Bb7 12. Qf3 Qd7 13. Bxh6 Bxc3 14. bxc3 gxh6
15. Qxf6 Qe6 16. Qxe6 Rxe6 17. Rab1 Bc8 18. Rb2 Re8 19. Reb1 Kg7 20. Rb8 Rxb8
21. Rxb8 Bd7 22. Rb7 a5 23. Rxc7 Rd8 24. Ra7 a4 25. Rxa4 c5 26. Ra7 Be6 27. f4
Bd7 28. a4 Bc6 29. Ra6 Bb7 30. Rb6 Bc8 31. Rb8 Rg8 32. a5 Bd7 33. Rxg8+ Kxg8 34.
Bc4 Bc6 35. Bd5 Bb5 36. Bb7 1-0

[Event "Ogolnopolska Olimpiada Mlodziezy w Sportach Umyslowych - D14"]
[Site "Walbrzych, Zamek Ksiaz"]
[Date "2013-04-17"]
[Round "3.18"]
[White "Klisz, Karolina"]
[Black "Pluta, Natalia"]
[Result "0-1"]
[WhiteTitle "II"]
[BlackTitle "II"]
[WhiteElo "1342"]
[BlackElo "1475"]

1. e4 d5 2. exd5 Qxd5 3. Nc3 Qa5 4. d4 Nf6 5. Nf3 c6 6. Bc4 Bf5 7. O-O e6 8. Bd2
Bb4 9. a3 Bxc3 10. Bxc3 Qc7 11. Re1 O-O 12. Bd2 Nbd7 13. c3 Nb6 14. Be2 Rfd8 15.
Bg5 Qe7 16. Ne5 h6 17. Bh4 Nbd7 18. Bh5 Nxe5 19. Rxe5 g5 20. Bg3 g4 21. Bh4 c5
22. Bxf6 Qxf6 23. Bxg4 cxd4 24. Qe2 d3 25. Qe3 Bxg4 26. Qg3 Kh7 27. Rb5 Qg6 28.
f3 Bf5 29. Qf2 Rd7 30. Kh1 d2 31. Rd1 Rad8 32. Rb4 Bc2 0-1

[Event "Ogolnopolska Olimpiada Mlodziezy w Sportach Umyslowych - D14"]
[Site "Walbrzych, Zamek Ksiaz"]
[Date "2013-04-17"]
[Round "3.19"]
[White "Kruszewska, Justyna"]
[Black "Sekowska, Helena"]
[Result "1/2-1/2"]
[WhiteTitle "II"]
[BlackTitle "II+"]
[WhiteElo "1350"]
[BlackElo "1459"]

1. d4 Nf6 2. c4 c5 3. d5 b5 4. cxb5 a6 5. b6 Qxb6 6. Nc3 d6 7. e4 g6 8. Qc2 Bg7
9. h3 O-O 10. Rb1 e6 11. Bc4 Re8 12. Nge2 exd5 13. Bxd5 Bb7 14. Bxb7 Qxb7 15.
f3 Nc6 16. O-O Qe7 17. Re1 Rac8 18. Bg5 Qb7 19. a3 h6 20. Bf4 Ne5 21. Bxe5 Rxe5
22. b4 cxb4 23. Rxb4 Qa7+ 24. Kf1 d5 25. Qb3 Qc5 26. Rb8 Rxb8 27. Qxb8+ Re8 28.
Qb4 Qxb4 29. axb4 dxe4 30. fxe4 Nxe4 31. Nxe4 Rxe4 32. Rb1 Bf6 33. b5 axb5 34.
Rxb5 Kg7 35. Kf2 Ra4 36. Rb3 Ra2 37. Kf3 Ra4 38. Kf2 Bh4+ 39. Kf3 Bg5 40. Rd3
Ra1 1/2-1/2

[Event "Ogolnopolska Olimpiada Mlodziezy w Sportach Umyslowych - D14"]
[Site "Walbrzych, Zamek Ksiaz"]
[Date "2013-04-17"]
[Round "3.20"]
[White "Wojcik, Jagoda"]
[Black "Rudol, Maria"]
[Result "1-0"]
[WhiteTitle "II"]
[BlackTitle "II"]
[WhiteElo "1388"]
[BlackElo "1488"]

1. e4 d5 2. exd5 Qxd5 3. Nc3 Qa5 4. d4 Nf6 5. Bc4 Bf5 6. Nf3 e6 7. Bd2 c6 8. Nd5
Qd8 9. Nxf6+ Qxf6 10. Bg5 Qg6 11. c3 Be4 12. h4 h6 13. Ne5 Qh7 14. Be3 Bxg2 15.
Rg1 Bd5 16. Bxd5 exd5 17. Qf3 g6 18. Qg4 Kd8 19. O-O-O Bd6 20. Bf4 Bxe5 21. Bxe5
Rg8 22. Bf6+ Kc7 23. Rde1 Nd7 24. Re7 Rad8 25. Qf4+ Kc8 26. Qd6 h5 27. Be5 1-0

[Event "Ogolnopolska Olimpiada Mlodziezy w Sportach Umyslowych - D14"]
[Site "Walbrzych, Zamek Ksiaz"]
[Date "2013-04-17"]
[Round "3.21"]
[White "Humin, Julia"]
[Black "Maciak, Gabriela"]
[Result "1-0"]
[WhiteTitle "II+"]
[BlackTitle "II"]
[WhiteElo "1386"]
[BlackElo "1433"]

1. e4 c5 2. Nf3 e6 3. d4 cxd4 4. Nxd4 Nf6 5. Nc3 Qb6 6. e5 Bc5 7. Ndb5 a6 8. exf6
axb5 9. fxg7 Rg8 10. Be3 Rxg7 11. Nxb5 Bxe3 12. fxe3 Qxe3+ 13. Qe2 Qc5 14. g3
d5 15. Qe5 f6 16. Qh5+ Kd8 17. Qh4 Qe3+ 18. Be2 Qe5 19. Nc3 Nc6 20. Rf1 Nd4 21.
Qh6 f5 22. Qd2 Bd7 23. Rd1 Rc8 24. Qxd4 Qxd4 25. Rxd4 Bc6 26. Rdf4 Rd7 27. g4
d4 28. Nb5 Bxb5 29. Bxb5 Rd5 30. Bd3 fxg4 31. Rf8+ Kc7 32. Rxc8+ Kxc8 33. Rf8+
Kc7 34. Rf7+ Kb6 35. Rxh7 Rc5 36. Rh6 Re5+ 37. Kf2 Kc5 38. Rg6 Kd6 39. Rxg4 Ra5
40. Rxd4+ 1-0

[Event "Ogolnopolska Olimpiada Mlodziezy w Sportach Umyslowych - D14"]
[Site "Walbrzych, Zamek Ksiaz"]
[Date "2013-04-17"]
[Round "3.22"]
[White "Wierzbowska, Aleksandra"]
[Black "Godek, Martyna"]
[Result "1-0"]
[WhiteTitle "II+"]
[BlackTitle "II"]
[WhiteElo "1405"]
[BlackElo "1378"]

1. d4 d5 2. c4 e6 3. Nc3 Nf6 4. Bg5 Be7 5. Nf3 h6 6. Bh4 b6 7. e3 Bb7 8. Bd3 Nc6
9. O-O a6 10. cxd5 Nxd5 11. Bxe7 Ndxe7 12. e4 O-O 13. Ne2 Qd7 14. Rc1 Rac8 15.
Bb1 Rfd8 16. Qd3 Ng6 17. Rfd1 Nb4 18. Qb3 a5 19. a3 Na6 20. Nc3 Kf8 21. h3 Bc6
22. d5 Nc5 23. dxc6 Qxd1+ 24. Qxd1 Rxd1+ 25. Rxd1 Ke8 26. b4 axb4 27. axb4 Na6
28. b5 Nc5 29. e5 Ne7 30. Bc2 Ra8 31. Ne4 Nxe4 32. Bxe4 Rd8 33. Nd4 Nf5 34. Bxf5
exf5 35. f4 g6 36. Kf2 Ke7 37. Ke3 Ra8 38. Nb3 Rd8 39. Rxd8 Kxd8 40. Nd4 Ke7 41.
Nc2 Kd8 42. Nb4 Ke7 43. Na6 Kd8 44. h4 h5 45. Kd4 Kc8 46. Kd5 Kd8 47. e6 fxe6+
48. Kxe6 Kc8 49. Kf6 Kd8 50. Kxg6 Kc8 51. Kxh5 Kd8 52. Kg6 Kc8 53. h5 1-0

[Event "Ogolnopolska Olimpiada Mlodziezy w Sportach Umyslowych - D14"]
[Site "Walbrzych, Zamek Ksiaz"]
[Date "2013-04-17"]
[Round "3.23"]
[White "Robaszkiewicz, Sara"]
[Black "Malinowska, Monika"]
[Result "1/2-1/2"]
[WhiteTitle "II"]
[BlackTitle "II+"]
[WhiteElo "1334"]
[BlackElo "1399"]

1. f4 Nf6 2. Nf3 g6 3. e3 Bg7 4. d4 d6 5. Bd3 O-O 6. O-O Nbd7 7. Bd2 Re8 8. Re1
e5 9. dxe5 dxe5 10. fxe5 Nxe5 11. Nxe5 Rxe5 12. Bc3 Re8 13. h3 b6 14. Bb5 Qxd1
15. Rxd1 Rf8 16. Bc6 Rb8 17. Bb4 Bf5 18. Bxf8 Rxf8 19. c3 Bh6 20. Re1 Be4 21.
Bxe4 Nxe4 22. Na3 a6 23. Rad1 Nc5 24. b3 Re8 25. Nc2 Ne4 26. Rd3 Nc5 27. Rdd1
Ne4 28. c4 Nc5 29. Rd4 Bg7 30. Rd5 Bh6 31. g4 Bg7 32. Red1 Kf8 33. Rd8 Rxd8 34.
Rxd8+ Ke7 35. Rd1 Ne4 36. Nd4 Nc3 37. Rd2 Ne4 38. Rg2 Bh6 39. Nc2 a5 40. h4 Bg7
41. Nd4 Kd7 42. Kh1 Ke7 43. Nc6+ Kd7 44. Nd4 Ke7 45. g5 Kd7 46. Kg1 h5 47. Kh1
Ke7 48. Kg1 Kd7 49. Kf1 Ke7 50. Ke2 Nd6 51. Kd3 c5 52. Nf3 Ke6 53. e4 Bh8 54.
Rg1 Bg7 55. Rf1 Bh8 56. Rf2 Bg7 57. Rg2 1/2-1/2

[Event "Ogolnopolska Olimpiada Mlodziezy w Sportach Umyslowych - D14"]
[Site "Walbrzych, Zamek Ksiaz"]
[Date "2013-04-17"]
[Round "4.1"]
[White "Antolak, Julia"]
[Black "Dmochowska, Agnieszka"]
[Result "1/2-1/2"]
[WhiteTitle "I+"]
[BlackTitle "WCM"]
[WhiteElo "1747"]
[BlackElo "1794"]

1. d4 Nf6 2. c4 e6 3. Nc3 Bb4 4. Nf3 c5 5. e3 O-O 6. Bd3 d5 7. O-O Nc6 8. a3 Bxc3
9. bxc3 b6 10. Re1 Bb7 11. cxd5 exd5 12. c4 Re8 13. Bb2 dxc4 14. Bxc4 Na5 15.
Bb5 Re6 16. dxc5 a6 17. Be2 bxc5 18. Bc3 Rd6 19. Qa4 Nc6 20. Qb3 Qe7 21. Qb2 Bc8
22. Ne5 Bf5 23. Bf3 Be4 24. Bxe4 Nxe4 25. Nxc6 Rxc6 26. Bxg7 c4 27. Bc3 Rcc8 28.
Rab1 Qe6 29. Qc2 Rab8 30. Rb4 Nxc3 31. Qxc3 a5 32. Rxb8 Rxb8 33. Qxa5 Qe4 34.
f3 Qd3 35. Qg5+ Kf8 36. Qc5+ Kg8 37. Qg5+ Kf8 38. Qc5+ Kg8 39. Qg5+ 1/2-1/2

[Event "Ogolnopolska Olimpiada Mlodziezy w Sportach Umyslowych - D14"]
[Site "Walbrzych, Zamek Ksiaz"]
[Date "2013-04-17"]
[Round "4.2"]
[White "Marczuk, Anna"]
[Black "Kozubal, Aleksandra"]
[Result "1-0"]
[WhiteTitle "I+"]
[BlackTitle "I"]
[WhiteElo "1749"]
[BlackElo "1477"]

1. e4 c5 2. Nf3 d6 3. d4 cxd4 4. Nxd4 a6 5. Be3 Nf6 6. Nc3 Nbd7 7. f3 g6 8. Qd2
Bg7 9. O-O-O b5 10. Bh6 O-O 11. h4 b4 12. Nce2 Qa5 13. Kb1 Ne5 14. Nc1 Bd7 15.
h5 Rfc8 16. Bxg7 Kxg7 17. hxg6 fxg6 18. g4 Nf7 19. Nd3 Rab8 20. Qh2 Rh8 21. Nb3
Qb6 22. e5 Nd5 23. exd6 exd6 24. Nf4 Ne3 25. Re1 Nxf1 26. Rexf1 a5 27. Qd2 Rhf8
28. Nd5 Qa7 29. Qf4 h6 30. Qf6+ Kh7 31. Ne7 Nh8 32. Rxh6+ Kxh6 33. Rh1# 1-0

[Event "Ogolnopolska Olimpiada Mlodziezy w Sportach Umyslowych - D14"]
[Site "Walbrzych, Zamek Ksiaz"]
[Date "2013-04-17"]
[Round "4.3"]
[White "Dwilewicz, Katarzyna"]
[Black "Topolan, Agata"]
[Result "1/2-1/2"]
[WhiteTitle "I"]
[BlackTitle "II+"]
[WhiteElo "1635"]
[BlackElo "1449"]

1. e4 e5 2. Nf3 Nc6 3. Bb5 a6 4. Ba4 Nf6 5. d3 d6 6. O-O b5 7. Bb3 Na5 8. Re1 Nxb3
9. axb3 c5 10. c3 Qb6 11. h3 h6 12. d4 Nd7 13. Be3 Be7 14. dxe5 dxe5 15. b4 Qc7
16. bxc5 Bxc5 17. Bxc5 Qxc5 18. Qd5 Qxd5 19. exd5 f6 20. Nd4 Bb7 21. Nf5 O-O 22.
Na3 g6 23. Nxh6+ Kg7 24. Ng4 Bxd5 25. Rad1 Nb6 26. Ne3 Rad8 27. Nxd5 Nxd5 28.
c4 Nf4 29. cxb5 axb5 30. Nxb5 Rb8 31. Nc7 Rf7 32. Nd5 Nxd5 33. Rxd5 Rxb2 34. Red1
Rb8 35. Kf1 Re8 36. Rd7 Ree7 37. Rxe7 Rxe7 38. Ke2 f5 39. Rd3 Kf6 40. Rb3 Rd7
41. Rb6+ 1/2-1/2

[Event "Ogolnopolska Olimpiada Mlodziezy w Sportach Umyslowych - D14"]
[Site "Walbrzych, Zamek Ksiaz"]
[Date "2013-04-17"]
[Round "4.4"]
[White "Murawko, Julia"]
[Black "Parol, Pola"]
[Result "1-0"]
[WhiteTitle "I"]
[BlackTitle "I"]
[WhiteElo "1651"]
[BlackElo "1638"]

1. e4 c6 2. d4 d5 3. Nc3 dxe4 4. Nxe4 Bf5 5. Ng3 Bg6 6. Nh3 Nf6 7. Nf4 e5 8. dxe5
Qa5+ 9. c3 Qxe5+ 10. Be2 Be7 11. O-O O-O 12. Nxg6 hxg6 13. Qb3 Qc7 14. Be3 Nbd7
15. c4 Nb6 16. Rfd1 Rfd8 17. f4 Nfd7 18. f5 gxf5 19. Nxf5 Bf6 20. Rf1 Re8 21.
Bf4 Be5 22. Qg3 g6 23. Nh6+ Kg7 24. Bxe5+ Qxe5 25. Rxf7+ Kxh6 26. Qh4+ Qh5 27.
Bxh5 gxh5 28. Qf4+ Kg6 29. Qf5+ 1-0

[Event "Ogolnopolska Olimpiada Mlodziezy w Sportach Umyslowych - D14"]
[Site "Walbrzych, Zamek Ksiaz"]
[Date "2013-04-17"]
[Round "4.5"]
[White "Kubicka, Anna"]
[Black "Cieslak, Wiktoria"]
[Result "1-0"]
[WhiteTitle "I+"]
[BlackTitle "I"]
[WhiteElo "1686"]
[BlackElo "1532"]

1. e4 c5 2. Nf3 Nc6 3. Bb5 g6 4. c3 Bg7 5. O-O Nf6 6. e5 Nd5 7. d4 cxd4 8. cxd4
O-O 9. Nc3 Nc7 10. Qe2 Nxb5 11. Nxb5 a6 12. Nc3 d6 13. h3 b5 14. Bf4 dxe5 15.
dxe5 Nd4 16. Nxd4 Qxd4 17. Bg3 Be6 18. Rfd1 Qc5 19. Ne4 Qb6 20. Kh1 Rfd8 21. f4
Bc4 22. Qe1 Bd5 23. Nc3 Bb7 24. Qg1 Qc6 25. Rac1 Rxd1 26. Rxd1 Bf8 27. Nd5 Kh8
28. Ne3 Qe6 29. b3 Qxh3+ 30. Qh2 Qxh2+ 31. Kxh2 h5 32. Bh4 Bc6 33. Rc1 Be8 34.
Nd5 Ra7 35. Rc8 Rd7 36. Rxe8 Rxd5 37. Rxf8+ Kg7 38. Ra8 f6 39. exf6+ exf6 40.
Ra7+ Kf8 41. Rxa6 Rd4 42. Rxf6+ Kg7 43. Kh3 Rd3+ 44. g3 Rd1 45. Ra6 Rh1+ 46. Kg2
Rb1 47. Kf3 Re1 48. Kf2 Re4 49. Rb6 Rd4 50. Bf6+ Kh6 51. Bxd4 h4 52. Rb8 hxg3+
53. Kf3 g5 54. f5 g4+ 55. Kf4 Kh7 56. Rh8# 1-0

[Event "Ogolnopolska Olimpiada Mlodziezy w Sportach Umyslowych - D14"]
[Site "Walbrzych, Zamek Ksiaz"]
[Date "2013-04-17"]
[Round "4.6"]
[White "Momot, Weronika"]
[Black "Kaniewska, Emilia"]
[Result "1/2-1/2"]
[WhiteTitle "I"]
[BlackTitle "I"]
[WhiteElo "1460"]
[BlackElo "1677"]

1. c4 f5 2. g3 Nf6 3. Nf3 g6 4. Bg2 Bg7 5. O-O O-O 6. Nc3 d6 7. d4 Qe8 8. d5 Na6
9. Rb1 Bd7 10. b4 c6 11. dxc6 bxc6 12. Nd4 Rb8 13. Nc2 Ng4 14. Bd2 Ne5 15. Ne3
Nxb4 16. Qa4 c5 17. Qxa7 Nec6 18. Qa3 Ra8 19. Qc1 Nxa2 20. Nxa2 Rxa2 21. Nd5 Nd4
22. Re1 Rc2 23. Qd1 Ba4 24. Rb7 Ra2 25. Qc1 Nb3 26. Rxb3 Bxb3 27. Bh6 Ra1 28.
Nxe7+ Qxe7 29. Bd5+ Rf7 30. Qxa1 Bxa1 31. Rxa1 Qe8 32. Ra7 Ba4 33. Bxf7+ Qxf7
34. Rxf7 Kxf7 35. Kg2 Bb3 36. Kf3 Bxc4 37. Ke3 Ke6 38. Bg7 d5 39. h4 d4+ 40. Kd2
h5 41. Bh6 Kd5 42. f3 Bb5 43. Bg7 c4 44. Bf8 c3+ 45. Kd1 Kc4 46. Ba3 Ba4+ 47.
Ke1 d3 48. exd3+ Kxd3 49. Bc1 Kc2 50. Bf4 Bc6 51. Be5 Bxf3 52. Bf6 Kd3 53. Bg7
Bg4 54. Bf6 c2 55. Bb2 Bd1 56. Bc1 Kc3 57. Kf2 Kb3 58. Ke3 Kc3 59. Ba3 Kb3 60.
Bc1 Ka2 61. Kd2 Kb1 62. Ba3 Ka2 63. Bc1 1/2-1/2